Catálogo

MOLECULAR BIOTECHNOLOGY : (Registro nro. 54051)

Detalles MARC
000 -LEADER
fixed length control field 00948nam a2200205 a 4500
001 - CONTROL NUMBER
control field 54051
005 - DATE AND TIME OF LATEST TRANSACTION
control field 20180714044640.0
008 - FIXED-LENGTH DATA ELEMENTS--GENERAL INFORMATION
fixed length control field 140415s2010 xxc 000 0 eng d
020 ## - INTERNATIONAL STANDARD BOOK NUMBER
International Standard Book Number 9781555814984
041 ## - LANGUAGE CODE
Language code of text/sound track or separate title eng
082 ## - DEWEY DECIMAL CLASSIFICATION NUMBER
Classification number 660.65
Item number GLI
100 1# - MAIN ENTRY--PERSONAL NAME
Personal name GLICK, BERNARD R.
245 10 - TITLE STATEMENT
Title MOLECULAR BIOTECHNOLOGY :
Remainder of title PRINCIPLES AND APPLICATIONS OF RECOMBINANT DNA
250 ## - EDITION STATEMENT
Edition statement 4ed.
260 ## - PUBLICATION, DISTRIBUTION, ETC.
Place of publication, distribution, etc. CANADA :
Name of publisher, distributor, etc. ASM PRESS AMERICAN SOCIETY FOR MICROBIOLOGY,
Date of publication, distribution, etc. 2010
300 ## - PHYSICAL DESCRIPTION
Extent 1000
Dimensions 22.2 x 4 x 28.2
520 ## - SUMMARY, ETC.
Summary, etc. ACCLAIMED BY STUDENTS AND INSTRUCTORS, MOLECULAR BIOTECHNOLOGY: PRINCIPLES AND APPLICATIONS OF RECOMBINANT DNA IS NOW IN ITS FOURTH EDITION, BRINGING IT THOROUGHLY UP TO DATE WITH THE LATES FINDINGS AND THE LATEST INDUSTRIAL, AGRICULTURAL, PHARMACEUTICAL, AND BIOMEDICAL APPLICATIONS.
650 14 - SUBJECT ADDED ENTRY--TOPICAL TERM
Topical term or geographic name entry element BIOLOGIA MOLECULAR
General subdivision BIOTECNOLOGIA
-- INGENIERIA GENETICA
700 1# - ADDED ENTRY--PERSONAL NAME
Personal name PASTERNAK, JACK J. -PATTEN, CHERYL L.
Relator term coaut.
Existencias
Withdrawn status Lost status Source of classification or shelving scheme Damaged status Not for loan Collection code Home library Current library Shelving location Date acquired Source of acquisition Inventory number Total Checkouts Full call number Barcode Date last seen Price effective from Koha item type
    Dewey Decimal Classification     General Biblioteca Karol Wojtyla Biblioteca Karol Wojtyla Sala general 03/12/2013 Compra 151000000000000000030823   660.65 GLI 2010 80373 05/01/2026 12/01/2015 Reserva permanente
    Dewey Decimal Classification     General Biblioteca Karol Wojtyla Biblioteca Karol Wojtyla Sala general 03/12/2013 Compra 151000000000000000030824   660.65 GLI 2010 80374 05/01/2026 12/01/2015 Reserva permanente